[Event "RSA-ch U08"]
[Site "Gauteng"]
[Date "2017.04.05"]
[Round "1"]
[White "Boheim, Eugene"]
[Black "Peter, Noah"]
[Result "0-1"]
[WhiteElo "650"]
[BlackElo "1048"]
[PlyCount "24"]
[EventDate "2017.04.05"]
[EventType "swiss"]
[EventRounds "11"]
[EventCountry "RSA"]
[SourceTitle "CBM 177 Extra"]
[Source "ChessBase"]
[SourceDate "2017.04.27"]
[SourceVersion "1"]
[SourceVersionDate "2017.04.27"]
[SourceQuality "1"]

1. e4 c5 2. Nf3 Nc6 3. d4 cxd4 4. Nxd4 Nxd4 5. Qxd4 d6 6. Be2 Nf6 7. e5 Nd7 8. exd6 exd6 9. 0-0 Nf6 10. Nc3 g6 11. Nd5 Bg4 12. Nxf6+ Qxf6 0-1